Sports Quiz

Random Sports Quiz
Score 0/15 Timer 08:00
0 Plays Today
Question Answer Wrong Answers
Who won the homerun derby? Pete Alonso
100%
Josh Bell
0%
Vladimir Guerrero Jr.
0%
Ronald Acuna Jr.
0%
What pitcher was traded from the Cleveland Indians to the Cincinnati Reds on July 31? Trevor Bauer
77.8%
Luis Castillo
0%
Sonny Gray
0%
Anthony DeSclafani
11.1%
Who had the biggest contract before Manny Machado and Bryce Harper signed to be the two biggest paid players in MLB history? Giancarlo Stanton
77.8%
Alex Rodriguez
11.1%
Albert Pujols
11.1%
Michael Brantley
0%
What is the first name of the two teammates for the Rays who's last names are Lowe? Brandon and Nate
66.7%
Bryan and Nathan
11.1%
Keith and Blake
11.1%
Blake and Yasiel
11.1%
Which MLB team has thrown 2 no-hitters? Astros
66.7%
Athletics
22.2%
Angels
11.1%
Mariners
0%
How many home runs did Edwin Encarnacion have before being traded to the New York Yankees? 21
55.6%
20
11.1%
22
11.1%
23
11.1%
Who won twenty starts? Justin Verlander
55.6%
Eduardo Rodriguez
11.1%
Gerrit Cole
33.3%
Domingo German
0%
What MLB team has the biggest salary? Yankees
44.4%
Dodgers
22.2%
Cubs
11.1%
Red Sox
11.1%
Who was traded to the Diamondbacks from Cardinals for Paul Goldschmidt along with Luke Weaver and Andy Young? Carson Kelly
44.4%
Taijuan Walker
33.3%
Christian Walker
11.1%
Merrill Kelly
11.1%
Who led the D-Backs in RBI's? Eduardo Escobar
33.3%
Ketel Marte
44.4%
David Peralta
0%
Christian Walker
22.2%
What two players had 3 CG? Shane Bieber and Justin Verlander
33.3%
Shane Bieber and Gerrit Cole
44.4%
Justin Verlander and Max Scherzer
11.1%
Jacob deGrom and Hyun-Jin Ryu
11.1%
Who won rookie of the month in August in the NL? Aristides Aquino
33.3%
Brandon Lowe
11.1%
Peter Alonso
33.3%
Yordan Alvarez
22.2%
What is the most amount of mound visits a team is allowed a 9 inning game? 5
33.3%
4
11.1%
6
44.4%
7
0%
Who was traded from the Braves to the Rangers for Chris Martin on July 31? Kolby Allard
22.2%
Chris Sorger and Steve Gsellman
33.3%
Logan Daniels
11.1%
Mike Morin and Steve Michaels
22.2%
Who was the Marlins lone all-star? Sandy Alcantara
22.2%
Jose Urena
33.3%
Starlin Castro
22.2%
Caleb Smith
11.1%
Remove Ads.
Support Sporcle.
Get the best of Sporcle when you Go Orange. This ad-free experience offers more features, more stats, and more fun while also helping to support Sporcle. Thank you for becoming a member.

You're not logged in!

Compare scores with friends on all Sporcle quizzes.
OR
Log In

Show Comments

Extras

Created Sep 25, 2019ReportNominate
Tags:2019, Player

Top Quizzes Today


Score Distribution

Your Account Isn't Verified!

In order to create a playlist on Sporcle, you need to verify the email address you used during registration. Go to your Sporcle Settings to finish the process.

Report this User

Report this user for behavior that violates our Community Guidelines.

Details: